| 000 | 00548nam a2200205Ia 4500 | ||
|---|---|---|---|
| 003 | OSt | ||
| 005 | 20250918100451.0 | ||
| 008 | 210210b2011 xxu||||| |||| 00| 0 eng d | ||
| 020 | _a9788184950281 | ||
| 040 | _cAL | ||
| 041 | _aeng | ||
| 082 | _a158.1 XAVO | ||
| 100 |
_aFrancis G Xavier _9239235 |
||
| 245 |
_aOne hundred one inspiring stories _b: principles for successful living |
||
| 260 |
_aAhmedabad _bJaico Publishing House _c2011 |
||
| 300 | _axvi,187p | ||
| 690 |
_aApplied Psychology _9239244 |
||
| 906 | _a065622 | ||
| 942 |
_2ddc _cBK |
||
| 999 |
_c146453 _d146453 |
||